<?xml version="1.0" encoding="UTF-8"?><?xml-stylesheet type="text/xsl" href="static/style.xsl"?><OAI-PMH xmlns="http://www.openarchives.org/OAI/2.0/" xmlns:xsi="http://www.w3.org/2001/XMLSchema-instance" xsi:schemaLocation="http://www.openarchives.org/OAI/2.0/ http://www.openarchives.org/OAI/2.0/OAI-PMH.xsd"><responseDate>2026-04-17T14:15:31Z</responseDate><request verb="GetRecord" identifier="oai:www.recercat.cat:2072/478241" metadataPrefix="marc">https://recercat.cat/oai/request</request><GetRecord><record><header><identifier>oai:recercat.cat:2072/478241</identifier><datestamp>2025-10-05T13:13:35Z</datestamp><setSpec>com_2072_98</setSpec><setSpec>col_2072_378192</setSpec></header><metadata><record xmlns="http://www.loc.gov/MARC21/slim" xmlns:dcterms="http://purl.org/dc/terms/" xmlns:xsi="http://www.w3.org/2001/XMLSchema-instance" xmlns:doc="http://www.lyncode.com/xoai" xsi:schemaLocation="http://www.loc.gov/MARC21/slim http://www.loc.gov/standards/marcxml/schema/MARC21slim.xsd">
   <leader>00925njm 22002777a 4500</leader>
   <datafield ind2=" " ind1=" " tag="042">
      <subfield code="a">dc</subfield>
   </datafield>
   <datafield ind2=" " ind1=" " tag="720">
      <subfield code="a">Mestre-Bach, Gemma</subfield>
      <subfield code="e">author</subfield>
   </datafield>
   <datafield ind2=" " ind1=" " tag="720">
      <subfield code="a">Granero, Roser</subfield>
      <subfield code="e">author</subfield>
   </datafield>
   <datafield ind2=" " ind1=" " tag="720">
      <subfield code="a">Fernández Aranda, Fernando</subfield>
      <subfield code="e">author</subfield>
   </datafield>
   <datafield ind2=" " ind1=" " tag="720">
      <subfield code="a">Potenza, Marc N.</subfield>
      <subfield code="e">author</subfield>
   </datafield>
   <datafield ind2=" " ind1=" " tag="720">
      <subfield code="a">Jiménez-Murcia, Susana</subfield>
      <subfield code="e">author</subfield>
   </datafield>
   <datafield ind2=" " ind1=" " tag="260">
      <subfield code="c">2023</subfield>
   </datafield>
   <datafield ind2=" " ind1=" " tag="520">
      <subfield code="a">Altres ajuts: Delegación del Gobierno para el Plan Nacional sobre Drogas (2019I47 and 2021I031), CIBER Fisiología Obesidad y Nutrición (CIBERobn), CERCA Programme / Generalitat de Catalunya, FUNCIVA, the Catalan Institution for Research and Advanced Studies (ICREA Academia Program) and the Connecticut Council on Problem Gambling.</subfield>
   </datafield>
   <datafield ind2=" " ind1=" " tag="520">
      <subfield code="a">BACKGROUND AND AIMS: There is a growing interest in determining the specific role of obsessive-compulsive features in different behavioral addictions. However, more studies comparing sizable clinical populations with different addictions are needed.Therefore, a main aim of the present study was to explore the presence of obsessive-compulsive features among people with different behavioral addictions (gambling disorder, internet gaming disorder, compulsive sexual behavior disorder and compulsive buying-shopping concerns). Through a clustering procedure, the existence of empirical clusters among treatment-seeking patients based on obsessive-compulsive measures was explored. MATERIALS AND METHODS: The Symptom Checklist-Revised, and the Temperament and Character Inventory-Revised were obtained from 4,010 treatment-seeking patients. Obsessive-compulsive features were measured with the obsessive-compulsive subscale of the Symptom Checklist-Revised and the harm avoidance and persistence dimensions of the Temperament and Character Inventory-Revised. Cluster analysis was applied to explore the existence of empirical groups based on obsessive-compulsive features. RESULTS: Patients with compulsive sexual behavior disorder and compulsive buying-shopping disorder reported the highest scores on the obsessive-compulsive subscale, while patients with gambling disorder showed the lowest scores on harm avoidance, and patients with internet gaming disorder the lowest scores on persistence. Two mutually exclusive clusters were identified. Cluster 1 exhibited a more maladaptive psychopathological and personality profile than cluster. DISCUSSION AND CONCLUSIONS: These results provide new evidence regarding obsessive-compulsive features in specific behavioral addictions. Therapeutic approaches should consider that different addictions may present distinct levels of obsessive-compulsive features.</subfield>
   </datafield>
   <datafield tag="653" ind2=" " ind1=" ">
      <subfield code="a">Addictive behaviors</subfield>
   </datafield>
   <datafield tag="653" ind2=" " ind1=" ">
      <subfield code="a">Compulsive sexual behaviors</subfield>
   </datafield>
   <datafield tag="653" ind2=" " ind1=" ">
      <subfield code="a">Gambling</subfield>
   </datafield>
   <datafield tag="653" ind2=" " ind1=" ">
      <subfield code="a">Impulsive behaviors</subfield>
   </datafield>
   <datafield tag="653" ind2=" " ind1=" ">
      <subfield code="a">Obsessive-compulsive behaviors</subfield>
   </datafield>
   <datafield tag="653" ind2=" " ind1=" ">
      <subfield code="a">Video games</subfield>
   </datafield>
   <datafield tag="653" ind2=" " ind1=" ">
      <subfield code="a">SDG 3 - Good Health and Well-being</subfield>
   </datafield>
   <datafield ind2="0" ind1="0" tag="245">
      <subfield code="a">Obsessive-compulsive, harm-avoidance and persistence tendencies in patients with gambling, gaming, compulsive sexual behavior and compulsive buying-shopping disorders/concerns</subfield>
   </datafield>
</record></metadata></record></GetRecord></OAI-PMH>